LEADER 01137nam a2200277 i 4500 001 000000154776 003 CaOOAMICUS 005 20210825153903.0 008 061024s1925 gw u000 u ger u 013 $a132125 040 $aSeMil$bita 100 1 $aGröber, Karl.$0(OLS)http://semarc/name/60554 240 00$aPalästina.$0(OLS)http://semarc/title/226579 245 10$aPalästina, Arabien und Syrien :$bBaukunst, Landschaft, Volksleben /$cKarl Gröber. 264 1$aBerlin :$bWasmuth,$c1925. 300 $aXV, 304 p. :$bin gran parte ill. ;$c31 cm. 490 1 $aOrbis terrarum 650 4$aPalestina - Luoghi santi.$0(OLS)http://semarc/subject/3883 650 4$aArte sacra.$0(OLS)http://semarc/subject/1332 830 0$aOrbis terrarum.$0(OLS)http://semarc/title/22047 850 $aSeMil 852 $aSeMil$W1$xVenegono$y1$m5M IX 42$j106632$B106632$CSeMilBibl$Z2$F115837 $8I 961 $aRecupero: Altro 996 $6245$aPalästina, Arabien und Syrien :$bBaukunst, Landschaft, Volksleben$9(OLS)http://semarc/title/226580 996 $6264$aBerlin :$bWasmuth$9(OLS)http://semarc/publisher/33963 LEADER 01289nam a2200265 4500 001 000000343332 003 CaOOAMICUS 005 20201210155838.0 008 201210s2014 it 000 u ita r 020 $a978-88-343-2340-3 040 $aSeMil$bita 100 1 $aGregory, Brad S.$0(OLS)http://semarc/name/80820 240 14$aThe unintended reformation :$bhow a religious revolution secularized society /.$0(OLS)http://semarc/title/337509 245 14$aGli imprevisti della Riforma :$bcome una rivoluzione religiosa ha secolarizzato la società /$cBrad S. Gregory. 264 1$aMilano :$bVita e Pensiero,$c2014. 300 $a578 p. ;$c22 cm 650 4$aRiforma protestante.$0(OLS)http://semarc/subject/4876 650 4$aModernità.$0(OLS)http://semarc/subject/9093 830 0$aCultura e storia ;$v32.$0(OLS)http://semarc/title/6933 850 $aSeMil 852 $aSeMil$W1$xVenegono$y1$m3A IV 303/A$j223100$B234330$CSeMilBibl$Z2$F234330 $81 996 $6020$a978-88-343-2340-3$9(OLS)http://semarc/number/291825 996 $6245$aGli imprevisti della Riforma :$bcome una rivoluzione religiosa ha secolarizzato la società$9(OLS)http://semarc/title/432298 996 $6264$aMilano :$bVita e Pensiero$9(OLS)http://semarc/publisher/29642